Cat hiss-tory : (Record no. 20561)

000 -LEADER
fixed length control field 01503cam a2200361 a 4500
001 - CONTROL NUMBER
control field 1672731
005 - DATE AND TIME OF LATEST TRANSACTION
control field 20170120102359.0
008 - FIXED-LENGTH DATA ELEMENTS--GENERAL INFORMATION
fixed length control field 980929s1999 nyua j 000 0 eng
010 ## - LIBRARY OF CONGRESS CONTROL NUMBER
LC control number 98046694
020 ## - INTERNATIONAL STANDARD BOOK NUMBER
International Standard Book Number 0765110520 (alk. paper)
040 ## - CATALOGING SOURCE
Original cataloging agency DLC
Transcribing agency DLC
Modifying agency DLC
042 ## - AUTHENTICATION CODE
Authentication code lcac
043 ## - GEOGRAPHIC AREA CODE
Geographic area code n-us---
050 00 - LIBRARY OF CONGRESS CALL NUMBER
Classification number NC1429.B3552
Item number A4 1999
100 1# - MAIN ENTRY--PERSONAL NAME
Personal name Bell, Bill,
Dates associated with a name 1927-
245 10 - TITLE STATEMENT
Title Cat hiss-tory :
Remainder of title a feline tour through the ages /
Statement of responsibility, etc. illustrated by Bill Bell ; text by Frederica Templeton.
246 3# - VARYING FORM OF TITLE
Title proper/short title Cat history
260 ## - PUBLICATION, DISTRIBUTION, ETC. (IMPRINT)
Place of publication, distribution, etc. New York, NY :
Name of publisher, distributor, etc. Smithmark Publishers,
Date of publication, distribution, etc. 1999.
300 ## - PHYSICAL DESCRIPTION
Extent 48 p. :
Other physical details col. ill. ;
Dimensions 29 cm.
520 ## - SUMMARY, ETC.
Summary, etc. A humorous illustrated survey of the role of cats in world hiss-tory.
650 #0 - SUBJECT ADDED ENTRY--TOPICAL TERM
Topical term or geographic name as entry element Cats
General subdivision Caricatures and cartoons
-- Juvenile literature.
650 #0 - SUBJECT ADDED ENTRY--TOPICAL TERM
Topical term or geographic name as entry element American wit and humor, Pictorial
General subdivision Juvenile literature.
650 #0 - SUBJECT ADDED ENTRY--TOPICAL TERM
Topical term or geographic name as entry element Cats
General subdivision Juvenile humor.
650 #1 - SUBJECT ADDED ENTRY--TOPICAL TERM
Topical term or geographic name as entry element World history
General subdivision Wit and humor.
650 #1 - SUBJECT ADDED ENTRY--TOPICAL TERM
Topical term or geographic name as entry element Cats
General subdivision Wit and humor.
700 1# - ADDED ENTRY--PERSONAL NAME
Personal name Templeton, Frederica.
942 ## - ADDED ENTRY ELEMENTS (KOHA)
Source of classification or shelving scheme
Koha item type Hard Covered Materials
Classification part NC1429.B3552A4 1999
Holdings
Withdrawn status Lost status Source of classification or shelving scheme Damaged status Not for loan Home library Current library Shelving location Date acquired Source of acquisition Total Checkouts Full call number Barcode Date last seen Price effective from Koha item type
          MACHAKOS UNIVERSITY LIBRARY MACHAKOS UNIVERSITY LIBRARY Technical section 20/01/2017 Donation(B.F.A)   NC1429.B3552A4 1999 30772 05/07/2018 20/01/2017 Hard Covered Materials
© Machakos University Library, Along The Highway, Machakos Wote Rd, Machakos, Kenya P.O. Box 136 - 90100 Machakos - Kenya

Tel: ( +254 ) 723 805829 OR Fax : 044-20353 OR Email: library@mksu.ac.ke